[Event "European Women's Championship"]
[Site "Vysoke Tatry"]
[Date "2018.04.11"]
[Round "4"]
[White "Milliet, Sophie"]
[Black "Doluhanova, Evgeniya"]
[Result "1/2-1/2"]
[Board "30"]
[WhiteElo "2391"]
[WhiteTitle "IM"]
[WhiteCountry "FRA"]
[WhiteFideId "623725"]
[WhiteEloChange "-2"]
[BlackElo "2304"]
[BlackTitle "WGM"]
[BlackCountry "UKR"]
[BlackFideId "14112035"]
[BlackEloChange "2"]

1. e4 {[%clk 1:30:57]} c5 {[%clk 1:30:55]} 2. Nf3 {[%clk 1:31:20]} Nc6 {[%clk
1:31:11]} 3. d4 {[%clk 1:31:08]} cxd4 {[%clk 1:31:36]} 4. Nxd4 {[%clk 1:31:34]}
e5 {[%clk 1:31:58]} 5. Nb5 {[%clk 1:31:41]} d6 {[%clk 1:32:22]} 6. N1c3 {[%clk
1:31:55]} a6 {[%clk 1:32:26]} 7. Na3 {[%clk 1:32:19]} Be7 {[%clk 1:31:40]} 8. Be3
{[%clk 1:32:12]} Nf6 {[%clk 1:30:21]} 9. Nc4 {[%clk 1:32:29]} b5 {[%clk 1:28:27]}
10. Nb6 {[%clk 1:32:53]} Rb8 {[%clk 1:28:44]} 11. Nxc8 {[%clk 1:33:16]} Qxc8
{[%clk 1:28:14]} 12. Be2 {[%clk 1:31:45]} O-O {[%clk 1:24:16]} 13. O-O {[%clk
1:32:06]} Rd8 {[%clk 1:19:57]} 14. a3 {[%clk 1:30:51]} b4 {[%clk 1:11:16]} 15.
Nd5 {[%clk 1:30:48]} Nxd5 {[%clk 0:47:33]} 16. exd5 {[%clk 1:29:52]} Nd4 {[%clk
0:47:04]} 17. Bxd4 {[%clk 1:29:00]} exd4 {[%clk 0:47:30]} 18. axb4 {[%clk
1:29:06]} Rxb4 {[%clk 0:44:28]} 19. Bxa6 {[%clk 1:10:00]} Qc5 {[%clk 0:43:45]}
20. b3 {[%clk 1:09:31]} Bf6 {[%clk 0:40:17]} 21. Bc4 {[%clk 1:09:42]} d3 {[%clk
0:40:13]} 22. Ra6 {[%clk 1:09:04]} dxc2 {[%clk 0:40:12]} 23. Qxc2 {[%clk
1:09:30]} Rb6 {[%clk 0:38:17]} 24. Rxb6 {[%clk 1:06:37]} Qxb6 {[%clk 0:38:42]}
25. Re1 {[%clk 1:05:30]} g6 {[%clk 0:30:27]} 26. g3 {[%clk 1:05:31]} Kg7 {[%clk
0:30:08]} 27. Kg2 {[%clk 1:05:49]} Ra8 {[%clk 0:29:51]} 28. h4 {[%clk 0:51:28]}
Qb4 {[%clk 0:10:38]} 29. Re2 {[%clk 0:50:54]} Qc3 {[%clk 0:09:02]} 30. Qxc3
{[%clk 0:35:45]} Bxc3 {[%clk 0:09:27]} 31. Bb5 {[%clk 0:41:22]} Ra1 {[%clk
0:07:56]} 32. Rc2 {[%clk 0:36:02]} Bd4 {[%clk 0:07:16]} 33. Kf3 {[%clk 0:34:11]}
Rb1 {[%clk 0:06:59]} 34. Ke4 {[%clk 0:33:33]} Bc5 {[%clk 0:05:47]} 35. Bc4 {[%clk
0:33:22]} Rd1 {[%clk 0:04:11]} 36. Kf3 {[%clk 0:31:48]} Rb1 {[%clk 0:03:37]} 37.
Rd2 {[%clk 0:17:25]} Rc1 {[%clk 0:03:24]} 38. Ke2 {[%clk 0:17:12]} h6 {[%clk
0:01:51]} 39. Ra2 {[%clk 0:15:43]} g5 {[%clk 0:01:52]} 40. hxg5 {[%clk 0:45:54]}
hxg5 {[%clk 0:32:18]} 41. Bd3 {[%clk 0:42:22]} Rc3 {[%clk 0:29:11]} 42. Rb2
{[%clk 0:36:21]} Ba3 {[%clk 0:13:42]} 43. Rb1 {[%clk 0:36:44]} Rc1 {[%clk
0:14:02]} 44. Rxc1 {[%clk 0:37:05]} Bxc1 {[%clk 0:14:27]} 45. Be4 {[%clk
0:37:28]} Kf6 {[%clk 0:14:37]} 46. Kd3 {[%clk 0:37:54]} Ke7 {[%clk 0:13:17]} 47.
Bf5 {[%clk 0:36:37]} Kd8 {[%clk 0:13:11]} 48. Bh3 {[%clk 0:35:38]} Bb2 {[%clk
0:12:34]} 49. b4 {[%clk 0:35:28]} Kc7 {[%clk 0:12:33]} 50. Ke4 {[%clk 0:35:40]}
Bc3 {[%clk 0:11:20]} 51. Kf5 {[%clk 0:33:12]} Bxb4 {[%clk 0:11:37]} 52. Kxg5
{[%clk 0:33:35]} Kd8 {[%clk 0:11:47]} 53. Kf6 {[%clk 0:30:55]} Ke8 {[%clk
0:12:12]} 54. g4 {[%clk 0:31:06]} Bc3+ {[%clk 0:11:20]} 55. Kf5 {[%clk 0:31:30]}
Kf8 {[%clk 0:11:28]} 56. g5 {[%clk 0:31:32]} Kg7 {[%clk 0:11:41]} 57. f4 {[%clk
0:31:46]} Bd2 {[%clk 0:11:51]} 58. Bf1 {[%clk 0:28:42]} Bc1 {[%clk 0:12:09]} 59.
Ba6 {[%clk 0:28:58]} Bd2 {[%clk 0:12:02]} 60. Bc8 {[%clk 0:29:12]} Bc1 {[%clk
0:11:49]} 61. Bd7 {[%clk 0:25:44]} Bd2 {[%clk 0:11:59]} 62. Be8 {[%clk 0:26:09]}
Kf8 {[%clk 0:11:07]} 63. Bb5 {[%clk 0:26:00]} Kg7 {[%clk 0:11:33]} 64. Be2 {[%clk
0:26:23]} Bc1 {[%clk 0:10:56]} 65. Bh5 {[%clk 0:26:48]} Bd2 {[%clk 0:11:03]} 66.
Kg4 {[%clk 0:27:11]} Bc1 {[%clk 0:11:11]} 67. f5 {[%clk 0:27:26]} f6 {[%clk
0:11:32]} 68. g6 {[%clk 0:27:21]} Bb2 {[%clk 0:11:50]} 69. Kf3 {[%clk 0:27:45]}
Bc3 {[%clk 0:12:15]} 70. Ke4 {[%clk 0:28:11]} Bb2 {[%clk 0:12:40]} 71. Kd3 {[%clk
0:28:37]} Be5 {[%clk 0:13:05]} 72. Kc4 {[%clk 0:29:04]} Bf4 {[%clk 0:13:30]} 73.
Kb5 {[%clk 0:29:31]} Be5 {[%clk 0:13:53]} 74. Kc6 {[%clk 0:29:57]} Bf4 {[%clk
0:14:17]} 75. Kd7 {[%clk 0:30:20]} Be5 {[%clk 0:14:43]} 76. Ke7 {[%clk 0:30:38]}
Bf4 {[%clk 0:15:09]} 77. Ke6 {[%clk 0:30:38]} 1/2-1/2

[Event "European Women's Championship"]
[Site "Vysoke Tatry"]
[Date "2018.04.11"]
[Round "4"]
[White "Voit, Daria"]
[Black "Kantane, Anna"]
[Result "1-0"]
[Board "31"]
[WhiteElo "2388"]
[WhiteTitle "FM"]
[WhiteCountry "RUS"]
[WhiteFideId "4182146"]
[WhiteEloChange "7"]
[BlackElo "2266"]
[BlackTitle "WIM"]
[BlackCountry "POL"]
[BlackFideId "1135988"]
[BlackEloChange "-7"]

1. d4 {[%clk 1:30:57]} Nf6 {[%clk 1:30:48]} 2. Bg5 {[%clk 1:31:21]} d5 {[%clk
1:29:42]} 3. Nc3 {[%clk 1:29:02]} c6 {[%clk 1:09:37]} 4. f3 {[%clk 1:24:23]} Bf5
{[%clk 1:06:30]} 5. Qd2 {[%clk 1:20:41]} Nbd7 {[%clk 1:06:18]} 6. O-O-O {[%clk
1:21:04]} Qa5 {[%clk 0:49:52]} 7. e4 {[%clk 1:07:57]} dxe4 {[%clk 0:44:08]} 8.
fxe4 {[%clk 1:08:22]} Bg4 {[%clk 0:38:53]} 9. Be2 {[%clk 1:00:45]} O-O-O {[%clk
0:35:30]} 10. Bxg4 {[%clk 0:53:19]} Nxg4 {[%clk 0:35:43]} 11. Nf3 {[%clk
0:53:38]} Nde5 {[%clk 0:27:30]} 12. Qf4 {[%clk 0:51:52]} Nf2 {[%clk 0:26:53]} 13.
Nxe5 {[%clk 0:43:25]} Nxd1 {[%clk 0:26:35]} 14. Rxd1 {[%clk 0:42:59]} f6 {[%clk
0:26:05]} 15. Nf7 {[%clk 0:42:06]} fxg5 {[%clk 0:26:02]} 16. Qg4+ {[%clk
0:42:33]} Kb8 {[%clk 0:25:19]} 17. Nxh8 {[%clk 0:42:52]} e5 {[%clk 0:24:45]} 18.
dxe5 {[%clk 0:42:06]} Rxd1+ {[%clk 0:24:14]} 19. Qxd1 {[%clk 0:42:21]} Bb4 {[%clk
0:23:51]} 20. Nf7 {[%clk 0:42:20]} Bxc3 {[%clk 0:23:44]} 21. bxc3 {[%clk
0:42:14]} 1-0

[Event "European Women's Championship"]
[Site "Vysoke Tatry"]
[Date "2018.04.11"]
[Round "4"]
[White "Semenova, Elena"]
[Black "Kovanova, Baira"]
[Result "0-1"]
[Board "33"]
[WhiteElo "2221"]
[WhiteTitle "WIM"]
[WhiteCountry "RUS"]
[WhiteFideId "24125148"]
[WhiteEloChange "-6"]
[BlackElo "2368"]
[BlackTitle "WGM"]
[BlackCountry "RUS"]
[BlackFideId "4164083"]
[BlackEloChange "6"]

1. e4 {[%clk 1:30:56]} e5 {[%clk 1:30:57]} 2. Nf3 {[%clk 1:31:17]} Nc6 {[%clk
1:31:21]} 3. Bb5 {[%clk 1:31:33]} a6 {[%clk 1:31:03]} 4. Ba4 {[%clk 1:31:54]} Nf6
{[%clk 1:31:24]} 5. O-O {[%clk 1:32:10]} Be7 {[%clk 1:31:40]} 6. d3 {[%clk
1:32:29]} b5 {[%clk 1:31:23]} 7. Bb3 {[%clk 1:32:55]} d6 {[%clk 1:30:53]} 8. a3
{[%clk 1:32:56]} Bg4 {[%clk 1:28:30]} 9. Be3 {[%clk 1:33:08]} O-O {[%clk
1:25:38]} 10. h3 {[%clk 1:28:54]} Be6 {[%clk 1:23:29]} 11. Bxe6 {[%clk 1:20:01]}
fxe6 {[%clk 1:23:47]} 12. Nc3 {[%clk 1:18:16]} Qe8 {[%clk 1:11:14]} 13. b4 {[%clk
1:12:38]} Nh5 {[%clk 0:59:50]} 14. Kh2 {[%clk 0:48:53]} Rd8 {[%clk 0:53:54]} 15.
Qb1 {[%clk 0:41:40]} d5 {[%clk 0:48:41]} 16. Bd2 {[%clk 0:36:34]} Kh8 {[%clk
0:44:00]} 17. a4 {[%clk 0:33:41]} bxa4 {[%clk 0:36:52]} 18. Rxa4 {[%clk 0:29:35]}
dxe4 {[%clk 0:34:25]} 19. Nxe4 {[%clk 0:29:45]} Rxf3 {[%clk 0:21:11]} 20. gxf3
{[%clk 0:30:10]} Nd4 {[%clk 0:21:36]} 21. Rxa6 {[%clk 0:26:07]} Nxf3+ {[%clk
0:21:27]} 22. Kh1 {[%clk 0:25:45]} Nf6 {[%clk 0:11:28]} 23. Nxf6 {[%clk 0:16:23]}
gxf6 {[%clk 0:11:51]} 24. Rg1 {[%clk 0:15:27]} Nxd2 {[%clk 0:09:34]} 25. Qd1
{[%clk 0:14:18]} Ne4 {[%clk 0:08:36]} 26. Qe2 {[%clk 0:10:49]} Nd6 {[%clk
0:05:14]} 27. Qg4 {[%clk 0:09:02]} Qf7 {[%clk 0:05:34]} 28. c4 {[%clk 0:05:25]}
Nf5 {[%clk 0:04:39]} 29. c5 {[%clk 0:05:22]} Nd4 {[%clk 0:04:07]} 30. Ra7 {[%clk
0:04:59]} f5 {[%clk 0:03:47]} 31. Qg2 {[%clk 0:05:05]} Bf6 {[%clk 0:04:03]} 32.
Ra8 {[%clk 0:05:10]} Qe8 {[%clk 0:01:39]} 33. Rga1 {[%clk 0:02:41]} c6 {[%clk
0:01:05]} 34. Rxd8 {[%clk 0:02:56]} Qxd8 {[%clk 0:01:30]} 35. b5 {[%clk 0:02:59]}
e4 {[%clk 0:01:12]} 36. b6 {[%clk 0:01:45]} Nb3 {[%clk 0:01:11]} 37. Ra7 {[%clk
0:01:19]} exd3 {[%clk 0:00:37]} 38. Qf3 {[%clk 0:01:07]} d2 {[%clk 0:00:58]} 39.
Qd1 {[%clk 0:01:25]} Nxc5 {[%clk 0:01:05]} 40. b7 {[%clk 0:31:33]} Nxb7 {[%clk
0:30:38]} 41. Rxb7 {[%clk 0:31:22]} c5 {[%clk 0:22:03]} 42. Rb1 {[%clk 0:31:20]}
c4 {[%clk 0:21:27]} 43. Qa4 {[%clk 0:29:21]} c3 {[%clk 0:20:24]} 44. f3 {[%clk
0:29:17]} Qc8 {[%clk 0:18:31]} 45. Qc2 {[%clk 0:29:32]} Qc6 {[%clk 0:15:38]} 46.
Kg2 {[%clk 0:29:07]} Qc4 {[%clk 0:15:26]} 47. Rb8+ {[%clk 0:27:14]} Kg7 {[%clk
0:15:50]} 48. Rb7+ {[%clk 0:27:42]} Kg6 {[%clk 0:14:55]} 49. Rd7 {[%clk 0:26:09]}
Qe2+ {[%clk 0:15:09]} 50. Kg1 {[%clk 0:25:43]} Bd4+ {[%clk 0:14:09]} 51. Rxd4
{[%clk 0:25:15]} Qe3+ {[%clk 0:14:34]} 0-1

[Event "European Women's Championship"]
[Site "Vysoke Tatry"]
[Date "2018.04.11"]
[Round "4"]
[White "Mikadze, Miranda"]
[Black "Osmak, Iulija"]
[Result "0-1"]
[Board "34"]
[WhiteElo "2216"]
[WhiteTitle "WGM"]
[WhiteCountry "GEO"]
[WhiteFideId "13603108"]
[WhiteEloChange "-6"]
[BlackElo "2361"]
[BlackTitle "IM"]
[BlackCountry "UKR"]
[BlackFideId "14101602"]
[BlackEloChange "6"]

1. e4 {[%clk 1:30:55]} e6 {[%clk 1:29:37]} 2. d4 {[%clk 1:31:19]} d5 {[%clk
1:30:01]} 3. Nc3 {[%clk 1:31:45]} Bb4 {[%clk 1:30:26]} 4. e5 {[%clk 1:28:24]} Ne7
{[%clk 1:30:20]} 5. Bd2 {[%clk 1:25:40]} b6 {[%clk 1:30:03]} 6. a3 {[%clk
1:24:44]} Bxc3 {[%clk 1:30:20]} 7. Bxc3 {[%clk 1:25:00]} Ba6 {[%clk 1:29:34]} 8.
Bxa6 {[%clk 1:22:09]} Nxa6 {[%clk 1:29:58]} 9. Bd2 {[%clk 1:18:19]} c5 {[%clk
1:24:25]} 10. c3 {[%clk 1:18:45]} O-O {[%clk 1:24:12]} 11. Ne2 {[%clk 1:17:12]}
Qd7 {[%clk 1:21:12]} 12. O-O {[%clk 1:14:45]} Rac8 {[%clk 1:20:43]} 13. Ng3
{[%clk 1:14:38]} cxd4 {[%clk 1:10:25]} 14. cxd4 {[%clk 1:15:03]} Rc4 {[%clk
1:10:41]} 15. Bc3 {[%clk 1:08:30]} Nc7 {[%clk 1:07:14]} 16. a4 {[%clk 1:07:58]}
b5 {[%clk 1:04:17]} 17. axb5 {[%clk 0:58:54]} Nxb5 {[%clk 1:04:14]} 18. Ne2
{[%clk 0:59:19]} Nf5 {[%clk 0:55:59]} 19. Qd3 {[%clk 0:57:23]} Nxc3 {[%clk
0:51:23]} 20. bxc3 {[%clk 0:57:49]} Rb8 {[%clk 0:46:19]} 21. Rfb1 {[%clk
0:54:18]} Qc7 {[%clk 0:35:49]} 22. g3 {[%clk 0:51:30]} Ne7 {[%clk 0:35:33]} 23.
Qc2 {[%clk 0:48:35]} g6 {[%clk 0:32:48]} 24. h4 {[%clk 0:48:44]} h5 {[%clk
0:31:04]} 25. Kg2 {[%clk 0:46:26]} Rxb1 {[%clk 0:30:57]} 26. Qxb1 {[%clk
0:46:49]} Rc6 {[%clk 0:30:23]} 27. Ra3 {[%clk 0:41:29]} Rb6 {[%clk 0:28:17]} 28.
Qa2 {[%clk 0:41:08]} Nc6 {[%clk 0:27:57]} 29. Nc1 {[%clk 0:36:46]} Nxd4 {[%clk
0:22:24]} 30. cxd4 {[%clk 0:29:32]} Qxc1 {[%clk 0:22:32]} 31. Rxa7 {[%clk
0:29:53]} Rb1 {[%clk 0:21:09]} 32. Ra8+ {[%clk 0:28:18]} Kg7 {[%clk 0:17:46]} 33.
Kf3 {[%clk 0:28:40]} Qd1+ {[%clk 0:16:25]} 34. Kf4 {[%clk 0:28:53]} Qxd4+ {[%clk
0:16:47]} 0-1

[Event "European Women's Championship"]
[Site "Vysoke Tatry"]
[Date "2018.04.11"]
[Round "4"]
[White "Ptacnikova, Lenka"]
[Black "Mammadova, Gulnar"]
[Result "1/2-1/2"]
[Board "35"]
[WhiteElo "2198"]
[WhiteTitle "WGM"]
[WhiteCountry "ISL"]
[WhiteFideId "305650"]
[WhiteEloChange "4"]
[BlackElo "2360"]
[BlackTitle "IM"]
[BlackCountry "AZE"]
[BlackFideId "13403508"]
[BlackEloChange "-4"]

1. c4 {[%clk 1:30:58]} e5 {[%clk 1:30:46]} 2. g3 {[%clk 1:31:17]} Nc6 {[%clk
1:31:03]} 3. Bg2 {[%clk 1:31:41]} g6 {[%clk 1:31:19]} 4. Nc3 {[%clk 1:31:53]} Bg7
{[%clk 1:31:37]} 5. e4 {[%clk 1:32:06]} d6 {[%clk 1:31:32]} 6. Nge2 {[%clk
1:31:41]} Be6 {[%clk 1:28:57]} 7. Nd5 {[%clk 1:30:39]} Nge7 {[%clk 1:26:44]} 8.
d3 {[%clk 1:30:28]} O-O {[%clk 1:26:08]} 9. O-O {[%clk 1:30:37]} h6 {[%clk
1:18:10]} 10. Be3 {[%clk 1:30:39]} Nd4 {[%clk 1:17:10]} 11. Nxd4 {[%clk 1:30:21]}
exd4 {[%clk 1:16:49]} 12. Bd2 {[%clk 1:30:43]} c6 {[%clk 1:12:14]} 13. Nf4 {[%clk
1:23:08]} Bd7 {[%clk 1:11:57]} 14. b4 {[%clk 1:20:47]} Qc8 {[%clk 1:07:11]}
1/2-1/2

[Event "European Women's Championship"]
[Site "Vysoke Tatry"]
[Date "2018.04.11"]
[Round "4"]
[White "Cosma, Elena-Luminita"]
[Black "Solozhenkina, Elizaveta"]
[Result "1-0"]
[Board "36"]
[WhiteElo "2340"]
[WhiteTitle "WGM"]
[WhiteCountry "ROU"]
[WhiteFideId "1201590"]
[WhiteEloChange "7"]
[BlackElo "2236"]
[BlackTitle "WIM"]
[BlackCountry "RUS"]
[BlackFideId "34106615"]
[BlackEloChange "-7"]

1. Nf3 {[%clk 1:30:57]} Nf6 {[%clk 1:28:29]} 2. g3 {[%clk 1:31:18]} e6 {[%clk
1:27:51]} 3. Bg2 {[%clk 1:31:36]} d5 {[%clk 1:26:43]} 4. O-O {[%clk 1:31:47]} Be7
{[%clk 1:26:52]} 5. c4 {[%clk 1:28:36]} O-O {[%clk 1:26:45]} 6. d4 {[%clk
1:28:59]} dxc4 {[%clk 1:26:13]} 7. Qc2 {[%clk 1:29:19]} b6 {[%clk 1:25:57]} 8.
Bg5 {[%clk 1:29:16]} Nd5 {[%clk 1:13:39]} 9. Bxe7 {[%clk 1:29:37]} Qxe7 {[%clk
1:14:04]} 10. Qxc4 {[%clk 1:30:00]} Ba6 {[%clk 1:13:12]} 11. Qc2 {[%clk 1:30:14]}
c5 {[%clk 1:11:19]} 12. Nc3 {[%clk 1:26:49]} Nd7 {[%clk 1:01:01]} 13. Nxd5 {[%clk
0:52:03]} exd5 {[%clk 1:01:25]} 14. Rfe1 {[%clk 0:52:27]} Bb7 {[%clk 0:59:41]}
15. dxc5 {[%clk 0:52:10]} Nxc5 {[%clk 0:55:06]} 16. Rad1 {[%clk 0:49:11]} Rac8
{[%clk 0:53:45]} 17. Nd4 {[%clk 0:48:07]} g6 {[%clk 0:47:22]} 18. Qd2 {[%clk
0:46:58]} Rfd8 {[%clk 0:42:25]} 19. Rc1 {[%clk 0:38:47]} Ne4 {[%clk 0:39:21]} 20.
Qe3 {[%clk 0:35:03]} Qb4 {[%clk 0:37:04]} 21. Rb1 {[%clk 0:34:18]} Re8 {[%clk
0:28:44]} 22. Red1 {[%clk 0:22:37]} Qa5 {[%clk 0:18:39]} 23. Qh6 {[%clk 0:20:39]}
Qb4 {[%clk 0:12:58]} 24. Bh3 {[%clk 0:18:42]} Rc4 {[%clk 0:10:52]} 25. Nf5 {[%clk
0:14:05]} Qf8 {[%clk 0:09:37]} 26. Qxf8+ {[%clk 0:14:28]} Kxf8 {[%clk 0:10:01]}
27. Nd4 {[%clk 0:13:46]} f5 {[%clk 0:08:11]} 28. e3 {[%clk 0:13:23]} a6 {[%clk
0:07:25]} 29. Bf1 {[%clk 0:13:22]} Rc5 {[%clk 0:07:19]} 30. Rbc1 {[%clk 0:13:36]}
Ke7 {[%clk 0:07:08]} 31. Nb3 {[%clk 0:11:20]} Rxc1 {[%clk 0:05:20]} 32. Rxc1
{[%clk 0:11:47]} Kd6 {[%clk 0:05:47]} 33. Nd4 {[%clk 0:11:14]} Rc8 {[%clk
0:03:56]} 34. Rd1 {[%clk 0:09:19]} Nc5 {[%clk 0:03:29]} 35. h4 {[%clk 0:09:34]}
Ne6 {[%clk 0:03:19]} 36. Bd3 {[%clk 0:09:49]} Nxd4 {[%clk 0:01:59]} 37. exd4
{[%clk 0:10:13]} Re8 {[%clk 0:02:06]} 38. Kg2 {[%clk 0:10:16]} Re7 {[%clk
0:02:04]} 39. Kf3 {[%clk 0:10:31]} Ke6 {[%clk 0:01:32]} 40. Rc1 {[%clk 0:38:44]}
Kf6 {[%clk 0:30:56]} 41. Rc3 {[%clk 0:38:49]} Re8 {[%clk 0:23:17]} 42. Rb3 {[%clk
0:28:17]} Re6 {[%clk 0:23:23]} 43. Ra3 {[%clk 0:28:36]} a5 {[%clk 0:18:10]} 44.
b4 {[%clk 0:28:42]} axb4 {[%clk 0:18:21]} 45. Rb3 {[%clk 0:28:59]} Rc6 {[%clk
0:15:35]} 46. Rxb4 {[%clk 0:29:23]} Bc8 {[%clk 0:15:51]} 47. Rb3 {[%clk 0:28:37]}
Be6 {[%clk 0:15:27]} 48. Ke3 {[%clk 0:25:28]} Kf7 {[%clk 0:14:50]} 49. Ra3 {[%clk
0:24:54]} Kf6 {[%clk 0:13:51]} 50. Ra7 {[%clk 0:24:34]} Bf7 {[%clk 0:11:21]} 51.
Kd2 {[%clk 0:22:02]} h6 {[%clk 0:10:20]} 52. Rb7 {[%clk 0:16:29]} Be6 {[%clk
0:08:13]} 53. Bb5 {[%clk 0:16:30]} Rd6 {[%clk 0:08:39]} 54. f4 {[%clk 0:13:03]}
Bf7 {[%clk 0:05:48]} 55. Kc3 {[%clk 0:09:31]} Be6 {[%clk 0:05:02]} 56. Kb4 {[%clk
0:09:36]} Bg8 {[%clk 0:03:58]} 57. Bd7 {[%clk 0:08:09]} Bf7 {[%clk 0:04:17]} 58.
a4 {[%clk 0:07:44]} g5 {[%clk 0:03:39]} 59. Bb5 {[%clk 0:04:43]} gxf4 {[%clk
0:03:17]} 60. gxf4 {[%clk 0:05:03]} Bh5 {[%clk 0:03:22]} 61. Rh7 {[%clk 0:04:36]}
Bg6 {[%clk 0:01:24]} 62. Rc7 {[%clk 0:03:57]} Bh5 {[%clk 0:01:25]} 63. Rb7 {[%clk
0:02:23]} Bd1 {[%clk 0:01:05]} 64. Rh7 {[%clk 0:02:28]} h5 {[%clk 0:00:57]} 65.
Rc7 {[%clk 0:02:35]} Ke6 {[%clk 0:00:45]} 66. Bd3 {[%clk 0:02:28]} Kf6 {[%clk
0:00:47]} 67. Rc1 {[%clk 0:02:35]} Bf3 {[%clk 0:00:58]} 68. Kb5 {[%clk 0:02:40]}
Re6 {[%clk 0:01:11]} 69. Bf1 {[%clk 0:01:18]} Ke7 {[%clk 0:01:03]} 70. Ka6 {[%clk
0:01:08]} Kd7 {[%clk 0:00:59]} 71. Bb5+ {[%clk 0:01:40]} Kd8 {[%clk 0:01:13]} 72.
Kb7 {[%clk 0:01:58]} Re4 {[%clk 0:00:50]} 73. Rc8+ {[%clk 0:01:51]} Ke7 {[%clk
0:01:20]} 74. Rc7+ {[%clk 0:02:06]} Kd6 {[%clk 0:01:29]} 75. Rc6+ {[%clk
0:01:52]} Ke7 {[%clk 0:01:56]} 76. Rc3 {[%clk 0:01:15]} Bg2 {[%clk 0:01:52]} 77.
Rg3 {[%clk 0:01:30]} Bh1 {[%clk 0:02:19]} 78. Rd3 {[%clk 0:00:56]} Rxf4 {[%clk
0:01:39]} 79. Kxb6 {[%clk 0:01:21]} Be4 {[%clk 0:01:51]} 80. Re3 {[%clk 0:01:36]}
Rf2 {[%clk 0:01:31]} 81. a5 {[%clk 0:01:43]} Ra2 {[%clk 0:01:35]} 82. a6 {[%clk
0:01:26]} f4 {[%clk 0:01:53]} 83. Re1 {[%clk 0:01:38]} Kd6 {[%clk 0:01:42]} 84.
a7 {[%clk 0:00:49]} f3 {[%clk 0:01:49]} 85. Rg1 {[%clk 0:00:57]} Bf5 {[%clk
0:01:20]} 86. Rg8 {[%clk 0:01:15]} 1-0

[Event "European Women's Championship"]
[Site "Vysoke Tatry"]
[Date "2018.04.11"]
[Round "4"]
[White "Ghukasyan, Siranush"]
[Black "Sliwicka, Alicja"]
[Result "1-0"]
[Board "37"]
[WhiteElo "2195"]
[WhiteTitle "WIM"]
[WhiteCountry "ARM"]
[WhiteFideId "13300946"]
[WhiteEloChange "14"]
[BlackElo "2329"]
[BlackTitle "WFM"]
[BlackCountry "POL"]
[BlackFideId "1150677"]
[BlackEloChange "-14"]

1. e4 {[%clk 1:29:42]} c5 {[%clk 1:30:54]} 2. Nf3 {[%clk 1:30:07]} d6 {[%clk
1:31:17]} 3. d4 {[%clk 1:30:32]} cxd4 {[%clk 1:31:42]} 4. Nxd4 {[%clk 1:30:58]}
Nf6 {[%clk 1:32:06]} 5. Nc3 {[%clk 1:31:24]} Bd7 {[%clk 1:32:30]} 6. Be2 {[%clk
1:28:19]} e5 {[%clk 1:32:43]} 7. Nf3 {[%clk 1:26:51]} Bc6 {[%clk 1:32:59]} 8. Bg5
{[%clk 1:25:04]} Nbd7 {[%clk 1:33:03]} 9. Nd2 {[%clk 1:18:48]} Be7 {[%clk
1:31:26]} 10. Nc4 {[%clk 1:11:16]} Qc7 {[%clk 1:28:16]} 11. Ne3 {[%clk 1:05:20]}
h6 {[%clk 1:18:00]} 12. Bxf6 {[%clk 1:04:30]} Nxf6 {[%clk 1:18:20]} 13. Bf3
{[%clk 1:01:37]} O-O {[%clk 1:16:07]} 14. O-O {[%clk 1:01:55]} b5 {[%clk
1:12:03]} 15. a3 {[%clk 0:56:29]} a5 {[%clk 1:09:12]} 16. Qd2 {[%clk 0:53:47]}
Qb7 {[%clk 1:05:58]} 17. Nf5 {[%clk 0:42:23]} Rfd8 {[%clk 0:59:28]} 18. Rfd1
{[%clk 0:37:31]} Bf8 {[%clk 0:58:21]} 19. Qd3 {[%clk 0:33:55]} b4 {[%clk
0:49:08]} 20. axb4 {[%clk 0:32:53]} axb4 {[%clk 0:49:30]} 21. Nd5 {[%clk
0:33:07]} Nxd5 {[%clk 0:48:23]} 22. exd5 {[%clk 0:33:36]} Bd7 {[%clk 0:47:12]}
23. Ne3 {[%clk 0:32:04]} g6 {[%clk 0:46:27]} 24. Qb3 {[%clk 0:30:12]} f5 {[%clk
0:42:39]} 25. c3 {[%clk 0:25:44]} Rdb8 {[%clk 0:39:00]} 26. c4 {[%clk 0:24:15]}
Kh7 {[%clk 0:35:06]} 27. c5 {[%clk 0:18:49]} dxc5 {[%clk 0:32:00]} 28. d6 {[%clk
0:19:11]} e4 {[%clk 0:32:07]} 29. Rxa8 {[%clk 0:18:25]} Rxa8 {[%clk 0:32:15]} 30.
Qf7+ {[%clk 0:15:57]} Bg7 {[%clk 0:29:31]} 31. Nd5 {[%clk 0:10:09]} Kh8 {[%clk
0:24:43]} 32. Nc7 {[%clk 0:01:04]} Rf8 {[%clk 0:20:20]} 33. Qxd7 {[%clk 0:01:30]}
exf3 {[%clk 0:19:51]} 34. Qe7 {[%clk 0:01:45]} Qe4 {[%clk 0:10:07]} 35. h3 {[%clk
0:00:35]} Rg8 {[%clk 0:08:10]} 36. Re1 {[%clk 0:00:35]} Qc2 {[%clk 0:05:13]} 37.
Ne6 {[%clk 0:00:46]} Qxb2 {[%clk 0:04:25]} 38. Nxg7 {[%clk 0:00:35]} Qxg7 {[%clk
0:04:45]} 39. d7 {[%clk 0:00:51]} Qd4 {[%clk 0:01:43]} 40. Qe5+ {[%clk 0:31:06]}
Qxe5 {[%clk 0:31:38]} 41. Rxe5 {[%clk 0:31:35]} b3 {[%clk 0:31:42]} 42. Re8
{[%clk 0:32:01]} b2 {[%clk 0:32:06]} 43. Rxg8+ {[%clk 0:32:27]} 1-0